| 000 | 00387nam a22001577a 4500 | ||
|---|---|---|---|
| 003 | OSt | ||
| 005 | 20260328160103.0 | ||
| 008 | 260328b |||||||| |||| 00| 0 eng d | ||
| 020 | _a9789057023958 | ||
| 040 | _cIIMT UNIVERSITY, MEERUT | ||
| 100 | _aEVA NEMETH | ||
| 245 | _aCaraway: The Genus Carum | ||
| 260 |
_aNEW DELHI _bTaylor & Francis _c2012 |
||
| 300 | _a200 | ||
| 942 |
_2ddc _c01 |
||
| 999 |
_c67732 _d67732 |
||